000 003290000a22001450004500
003 MACL
040 _aMACL
090 _c4913
_d4912
100 _aJoshi, Maheshwar P
245 _aHimalaya :Past And Present
_bVolume 03
260 _bShree Almora Books
_c1994
350 _a500
650 _aGeography & Travel
942 _cBOOK
_k910
999 _c4875
_d4875